| 000 | 00417nam a2200169Ia 4500 | ||
|---|---|---|---|
| 008 | 230711s9999||||xx |||||||||||||| ||und|| | ||
| 020 | _a978-93-325-1861-2 | ||
| 041 | _aENG | ||
| 082 |
_a621.3815 _bBO-C |
||
| 100 | _aBoylestad,Robert L | ||
| 245 | 0 | _aIntroductory circuit theory | |
| 250 | _a12th Ed. | ||
| 260 |
_c2016 _aNew Delhi _bPearson |
||
| 300 | _a1092p. | ||
| 650 | _aElectrical Engineering | ||
| 942 | _cBK | ||
| 999 |
_c6257 _d6257 |
||